000 00541nam a2200169Ia 4500
008 090201s9999 xx 000 0 und d
010 _aKPL-51568
040 _bमराठी
041 _aमराठी
082 _a50152
_b51568
100 _aवि य कुलकर्णि
245 _aगोकुळचा चोर
_cवि य कुलकर्णि
260 _c2006
_bइंद्रायणी साहीत्य
300 _a274
_bमोठा
600 _aगोकुळचा चोर
942 _cBOOK
999 _c246699
_d246699